A history of medieval Europe : from Constantine to Saint Louis /

محفوظ في:

المؤلف الرئيسي: Davis, R. H. C., 1918-1991 (مؤلف)

التنسيق: كتاب

اللغة: English

منشور في: London ; New York : Longmans, Green, [1957].

الموضوعات:

الوسوم: إضافة وسم

لا توجد وسوم, كن أول من يضع وسما على هذه التسجيلة!

رقم الطلب: D118 .D29 1957

LEADER 00740namaa2200241 4500
001 21122
003 OSt
005 20251125102014.0
008 130303s1957 enka b 000 0 eng d
010 |a 58008630 
040 |c ARCE Library 
043 |a e------ 
050 4 |a D118 .D29 1957 
100 1 |a Davis, R. H. C.,   |q (Ralph Henry Carless),   |d 1918-1991,   |e author 
245 1 2 |a A history of medieval Europe :   |b from Constantine to Saint Louis /   |c R. H. C. Davis. 
264 1 |a London ;  |a New York :  |b Longmans, Green,  |c [1957]. 
300 |a 421 pages :   |b illustrations ;   |c 22 cm. 
504 |a Includes bibliography. 
650 0 |a Middle Ages. 
651 0 |a Europe  |x History  |y 476-1492. 
901 |a reviewed 
942 |c BK  |2 lcc 
999 |c 18623  |d 18623